[Event "4NCL Division 3"]
[Site "Daventry Court ENG"]
[Date "2015.03.22"]
[Round "8.79"]
[White "Jamieson, Ian M"]
[Black "Kruk, Karina"]
[Result "1-0"]
[WhiteElo "1952"]
[BlackElo "1794"]
[PlyCount "65"]
[EventDate "2015.03.22"]

1. b4 e5 2. Bb2 d6 3. e3 Nf6 4. Nf3 Bg4 5. Be2 Nbd7 6. d3 Be7 7. Nbd2 a5 8. a3
O-O 9. h3 Bh5 10. c4 b6 11. Qc2 c5 12. b5 Ne8 13. Nxe5 Bxe2 14. Nc6 Bxd3 15.
Qxd3 Ne5 16. Bxe5 Qc7 17. Bh2 Bf6 18. Rd1 Be5 19. f4 Bf6 20. O-O Be7 21. e4 f6
22. Nb1 Bd8 23. Nc3 Rc8 24. f5 Qf7 25. Qd5 Bc7 26. Rd3 Kh8 27. Qxf7 Rxf7 28.
Rfd1 h6 29. Nd5 Kh7 30. Kf2 a4 31. Kf3 g6 32. fxg6+ Kxg6 33. Nce7+ 1-0

[Event "4NCL Division 3"]
[Site "Daventry Court ENG"]
[Date "2015.03.22"]
[Round "8.80"]
[White "Kourtseva, Julie"]
[Black "Armstrong, William G"]
[Result "1/2-1/2"]
[WhiteElo "1760"]
[BlackElo "1857"]
[PlyCount "62"]
[EventDate "2015.03.22"]

1. d4 Nf6 2. Nf3 g6 3. e3 Bg7 4. Bd3 O-O 5. O-O b6 6. c4 Bb7 7. Nbd2 Na6 8. a3
c5 9. b3 cxd4 10. exd4 d5 11. Re1 e6 12. Bb2 Nd7 13. Rc1 Nc7 14. Qc2 Rc8 15.
Qb1 Bh6 16. Rcd1 Ne8 17. Ne5 Bxd2 18. Rxd2 dxc4 19. Nxc4 Bxg2 20. Kxg2 Qg5+ 21.
Kf1 Rxc4 22. bxc4 Qxd2 23. Bc1 Qa5 24. Bh6 Ng7 25. Qb2 Qh5 26. Bxg7 Qh3+ 27.
Ke2 Kxg7 28. d5+ Kg8 29. dxe6 fxe6 30. Qd4 Qf3+ 31. Kf1 Qh1+ 1/2-1/2

[Event "4NCL Division 3"]
[Site "Daventry Court ENG"]
[Date "2015.03.22"]
[Round "8.81"]
[White "Sizeland, Chris M"]
[Black "Mirza, Diana"]
[Result "1/2-1/2"]
[WhiteElo "1781"]
[BlackElo "1758"]
[PlyCount "44"]
[EventDate "2015.03.22"]
[WhiteTeam "Cheddleton 3"]
[BlackTeam "Midland Monarchs 2"]

1. d4 g6 2. Nf3 Bg7 3. Bf4 d6 4. e3 Nf6 5. Nbd2 O-O 6. h3 Nc6 7. c3 Nd5 8. Bh2
e5 9. e4 Nb6 10. dxe5 Nxe5 11. Nxe5 dxe5 12. Nf3 Qe7 13. Bd3 Bd7 14. O-O Bc6
15. Qe2 Rad8 16. Rfd1 Rd7 17. Bb5 Bxb5 18. Qxb5 c6 19. Rxd7 Qxd7 20. Qe2 f6 21.
Rd1 Qe6 22. b3 Re8 1/2-1/2

[Event "4NCL Division 3"]
[Site "Daventry Court ENG"]
[Date "2015.03.22"]
[Round "8.82"]
[White "Mirza, Gabriel"]
[Black "Boswell, Jacob C"]
[Result "1-0"]
[WhiteElo "1760"]
[BlackElo "1594"]
[PlyCount "51"]
[EventDate "2015.03.22"]
[WhiteTeam "Midland Monarchs 2"]
[BlackTeam "Cheddleton 3"]

1. b3 d5 2. Bb2 c5 3. e3 Nc6 4. Nf3 Bg4 5. h3 Bxf3 6. Qxf3 e5 7. Qg3 d4 8. Bb5
Qd5 9. O-O Nf6 10. Bc4 Qd7 11. Re1 a6 12. a4 Be7 13. Qxg7 O-O-O 14. Qxf7 Kb8
15. Qe6 Qe8 16. exd4 cxd4 17. Ba3 e4 18. Bxe7 Qxe7 19. Qxe7 Nxe7 20. d3 Nf5 21.
dxe4 Nd6 22. Bd3 Rhe8 23. Nd2 Rd7 24. e5 Rde7 25. Nf3 Nd5 26. exd6 1-0